Hadith 40

Bibliographic Details
Main Author: نووي , 1233-1277 (Author)
Format: Book
Published: Petaling Jaya : Budaya Ilmu , 1983
Subjects:

MARC

LEADER 00000cam a2200000 7i4500
001 0000005951
005 20110223093000.0
008 021119s1983
020 |a 9679400093 
090 0 0 |a BP135.A2   |b N2914 
100 0 |a نووي ,   |d 1233-1277 ,   |e author 
245 1 0 |a Hadith 40   |c Imam Nawawi [Matn al-arba'in al-nawawiyyah fi al-hadith al-sahiyyah al-nawawiyyah] 
260 2 |a Petaling Jaya :   |b Budaya Ilmu ,   |c 1983 
300 |a 92 p. ;   |c 19 cm. 
650 0 |a Hadith 
999 |a 1000002714   |b Book   |c OPEN SHELF (30 DAYS)   |e Gong Badak Campus 
999 |a 1000063539   |b Book   |c OPEN SHELF (30 DAYS)   |e Gong Badak Campus